[Event "Konakovo Chervonny op"]
[Site "Konakovo"]
[Date "2014.09.21"]
[Round "9"]
[White "Bogdanov, Ivan"]
[Black "Dzera, Evgeniy"]
[Result "0-1"]
[WhiteElo "1861"]
[BlackElo "2150"]
[PlyCount "28"]
[EventDate "2014.09.17"]
[EventType "swiss"]
[EventRounds "9"]
[EventCountry "RUS"]
[SourceTitle "CBM 162 Extra"]
[Source "ChessBase"]
[SourceDate "2014.10.17"]
[SourceVersion "1"]
[SourceVersionDate "2014.10.17"]
[SourceQuality "1"]

1. e4 e5 2. Nf3 f5 3. Nxe5 Qf6 4. Nf3 fxe4 5. Qe2 d5 6. Nc3 Be6 7. Ng1 Nc6 8. d3 Nd4 9. Qd1 0-0-0 10. Be3 Nf5 11. Bxa7 b6 12. Nge2 Kb7 13. Ng3 Kxa7 14. Nxf5 Bxf5 0-1

[Event "Konakovo Rating 10th"]
[Site "Konakovo"]
[Date "2014.07.19"]
[Round "10"]
[White "Shapkin, Anatoliy"]
[Black "Dzera, Evgeniy"]
[Result "1-0"]
[WhiteElo "2085"]
[BlackElo "2156"]
[PlyCount "75"]
[EventDate "2014.07.10"]
[EventType "tourn"]
[EventRounds "11"]
[EventCountry "RUS"]
[SourceTitle "EXT 2022"]
[Source "ChessBase"]
[SourceDate "2021.10.06"]
[SourceVersion "1"]
[SourceVersionDate "2021.10.06"]
[SourceQuality "1"]

1. d4 c5 2. d5 d6 3. c4 e5 4. Nc3 f5 5. e4 Nf6 6. exf5 Bxf5 7. Bd3 Bxd3 8. Qxd3 Be7 9. Nf3 0-0 10. Ng5 Qd7 11. 0-0 Na6 12. f4 Nb4 13. Qe2 Qg4 14. Qxg4 Nxg4 15. Ne6 Rf7 16. h3 Nc2 17. hxg4 Nxa1 18. Rf2 exf4 19. b3 Bf6 20. Bb2 Nxb3 21. axb3 a6 22. Ne4 Bxb2 23. Rxb2 Rd7 24. Ra2 Re8 25. Kf2 h6 26. g5 Kh7 27. Kf3 hxg5 28. N4xg5+ Kg6 29. Kg4 Kf6 30. Rf2 Kg6 31. Nxf4+ Kf6 32. Nfe6+ Kg6 33. Nf8+ Rxf8 34. Rxf8 b5 35. Re8 Kh6 36. cxb5 axb5 37. Re6+ g6 38. Rxd6 1-0

[Event "Konakovo Rating 9th"]
[Site "Konakovo"]
[Date "2014.02.28"]
[Round "9"]
[White "Dzera, Evgeniy"]
[Black "Nazarov, Valeriy"]
[Result "0-1"]
[WhiteElo "2154"]
[BlackElo "2231"]
[PlyCount "112"]
[EventDate "2014.02.22"]
[EventType "tourn"]
[EventRounds "13"]
[EventCountry "RUS"]
[SourceTitle "CBM 159 Extra"]
[Source "ChessBase"]
[SourceDate "2014.04.24"]
[SourceVersion "1"]
[SourceVersionDate "2014.04.24"]
[SourceQuality "1"]

1. e4 c5 2. Nf3 d6 3. Bb5+ Bd7 4. Bxd7+ Qxd7 5. 0-0 Nc6 6. d4 cxd4 7. Nxd4 e6 8. c4 Nf6 9. Nc3 Be7 10. Be3 0-0 11. f3 Rfd8 12. Rc1 a6 13. Qe2 Nxd4 14. Bxd4 Qc6 15. Rfd1 Nd7 16. b3 Bf6 17. Qf2 Bxd4 18. Qxd4 Nf6 19. Rd2 Kf8 20. Rcd1 Ke7 21. g4 h6 22. Kg2 Rac8 23. Qe3 Qc5 24. Rd3 g5 25. Qd2 b5 26. cxb5 axb5 27. a3 Rc6 28. b4 Qe5 29. Nd5+ Kf8 30. Nxf6 Qxf6 31. Rc1 Rxc1 32. Qxc1 Ke7 33. Qc3 Qxc3 34. Rxc3 Kd7 35. Kg3 Rc8 36. Rd3 Rc4 37. h4 Kc6 38. hxg5 hxg5 39. Kf2 d5 40. exd5+ exd5 41. Re3 Rc2+ 42. Ke1 Kd6 43. Kd1 Ra2 44. Kc1 d4 45. Rd3 Kd5 46. Kb1 Rf2 47. a4 Kc4 48. Rd1 bxa4 49. b5 Rxf3 50. Ka2 Rb3 51. Rf1 d3 52. Rxf7 d2 53. Rc7+ Kd3 54. Rd7+ Kc2 55. Rc7+ Rc3 56. Rd7 d1Q 0-1

[Event "Konakovo Rating 8th"]
[Site "Konakovo"]
[Date "2013.07.18"]
[Round "9"]
[White "Dzera, Evgeniy"]
[Black "Guseva, Antonina"]
[Result "1-0"]
[WhiteElo "2155"]
[BlackElo "1685"]
[PlyCount "67"]
[EventDate "2013.07.06"]
[EventType "tourn"]
[EventRounds "11"]
[EventCountry "RUS"]
[SourceTitle "EXT 2014"]
[Source "ChessBase"]
[SourceDate "2013.11.20"]
[SourceVersion "1"]
[SourceVersionDate "2013.11.20"]
[SourceQuality "1"]

1. e4 c5 2. Nf3 Nc6 3. d4 cxd4 4. Nxd4 d5 5. Nxc6 bxc6 6. Be2 e5 7. exd5 Qxd5 8. 0-0 Qxd1 9. Rxd1 f5 10. b3 Nf6 11. Bb2 e4 12. Nd2 Bc5 13. Nc4 Nd5 14. Bxg7 Rg8 15. Be5 f4 16. Nd6+ Ke7 17. Nxe4 Ba3 18. c4 Nb4 19. Bxf4 Bf5 20. Bf3 Nc2 21. Rab1 Raf8 22. Bg3 Ke6 23. Rd2 Nb4 24. Re1 Bxe4 25. Bxe4 Kf6 26. Rd6+ Kg5 27. h4+ Kg4 28. Bf3+ Rxf3 29. gxf3+ Kh3 30. Rd2 Na6 31. Rd4 Bc5 32. Rg4 Rf8 33. h5 Bxf2+ 34. Bxf2 1-0

[Event "Konakovo Chervonny op"]
[Site "Konakovo"]
[Date "2012.09.20"]
[Round "1"]
[White "Dzera, Evgeniy"]
[Black "Kovalev, Aleksandr"]
[Result "0-1"]
[WhiteElo "2173"]
[BlackElo "1929"]
[PlyCount "78"]
[EventDate "2012.09.20"]
[EventType "swiss"]
[EventRounds "7"]
[EventCountry "RUS"]
[SourceTitle "CBM 150 Extra"]
[Source "ChessBase"]
[SourceDate "2012.10.19"]
[SourceVersion "1"]
[SourceVersionDate "2012.10.19"]
[SourceQuality "1"]

1. c4 e5 2. Nc3 Nf6 3. g3 c6 4. Bg2 d5 5. cxd5 cxd5 6. d3 h6 7. Bd2 Nc6 8. a3 Be7 9. b4 a6 10. Nh3 0-0 11. 0-0 Bf5 12. Kh1 Qd7 13. Ng1 Rad8 14. Na4 e4 15. dxe4 Nxe4 16. Bxe4 Bxe4+ 17. f3 Bf5 18. Rc1 Rfe8 19. Nc5 Bxc5 20. Rxc5 b6 21. Rc1 Qe6 22. g4 Bg6 23. Bf4 Ne5 24. Bxe5 Qxe5 25. Qa4 Ra8 26. Rc6 Qe3 27. Rfc1 d4 28. Rd1 Qf2 29. Qb3 Kh7 30. Qc4 Rad8 31. Qxa6 d3 32. e4 d2 33. Qe2 Qxe2 34. Nxe2 Rxe4 35. fxe4 Bxe4+ 36. Kg1 Bxc6 37. Kf2 Ba4 38. Nc3 Bxd1 39. Nxd1 Re8 0-1

[Event "Konakovo Rating 7th"]
[Site "Konakovo"]
[Date "2012.07.23"]
[Round "12"]
[White "Dzera, Evgeniy"]
[Black "Shapkin, Anatoliy"]
[Result "1/2-1/2"]
[WhiteElo "2160"]
[BlackElo "2107"]
[PlyCount "127"]
[EventDate "2012.07.18"]
[EventType "tourn"]
[EventRounds "13"]
[EventCountry "RUS"]
[SourceTitle "EXT 2014"]
[Source "ChessBase"]
[SourceDate "2013.11.20"]
[SourceVersion "1"]
[SourceVersionDate "2013.11.20"]
[SourceQuality "1"]

1. c4 Nf6 2. Nf3 e6 3. g3 d5 4. e3 Be7 5. Nc3 0-0 6. cxd5 exd5 7. Bg2 c6 8. Qc2 Bg4 9. 0-0 Qc7 10. Nd4 Bd6 11. Nf5 Nbd7 12. d4 Rfe8 13. b3 Nf8 14. Bb2 Bxf5 15. Qxf5 Qd7 16. Qd3 Qe7 17. a4 Bb4 18. a5 a6 19. Ra4 Ne6 20. h4 Nc7 21. Na2 Bd6 22. Rc1 Nb5 23. Nc3 Bb4 24. Ne2 Bd6 25. Qf5 Qe6 26. Qxe6 Rxe6 27. Bf3 Ne4 28. Rc2 f5 29. Kg2 Kf7 30. Nc1 g6 31. Nd3 Nf6 32. Bc1 h6 33. Bd2 g5 34. hxg5 hxg5 35. Bb4 Bxb4 36. Rxb4 Nd7 37. g4 Kf6 38. Kg3 Re7 39. gxf5 Kxf5 40. Bg4+ Kf6 41. Bxd7 Rxd7 42. Rc1 Rh7 43. f3 Re8 44. Nf2 Nd6 45. Ng4+ Kf5 46. Rf1 Kg6 47. Ne5+ Kf6 48. e4 dxe4 49. fxe4+ Ke6 50. Re1 Ree7 51. Nf3 Rhg7 52. Kg4 Nf7 53. d5+ Kd6 54. dxc6 bxc6 55. Rb6 Ne5+ 56. Nxe5 Rxe5 57. Rxa6 Rb7 58. Rd1+ Kc7 59. Rh1 Rxe4+ 60. Kf5 Re7 61. Rh6 Rb5+ 62. Kf6 Kb7 63. Rxc6 Kxc6 64. Kxe7+ 1/2-1/2

[Event "Konakovo Rating 7th"]
[Site "Konakovo"]
[Date "2012.07.22"]
[Round "10"]
[White "Dzera, Evgeniy"]
[Black "Kovalev, Aleksandr"]
[Result "1-0"]
[WhiteElo "2160"]
[BlackElo "1975"]
[PlyCount "91"]
[EventDate "2012.07.18"]
[EventType "tourn"]
[EventRounds "13"]
[EventCountry "RUS"]
[SourceTitle "EXT 2014"]
[Source "ChessBase"]
[SourceDate "2013.11.20"]
[SourceVersion "1"]
[SourceVersionDate "2013.11.20"]
[SourceQuality "1"]

1. b4 e5 2. Bb2 d6 3. e3 Nf6 4. c4 Be7 5. Nc3 0-0 6. Qc2 c6 7. Nf3 Bg4 8. Be2 Bh5 9. a3 Nbd7 10. d4 Bg6 11. Bd3 exd4 12. exd4 Re8 13. 0-0 d5 14. Bxg6 fxg6 15. c5 Qc7 16. Rae1 Bf8 17. Bc1 Rxe1 18. Rxe1 Re8 19. Rxe8 Nxe8 20. g3 Ndf6 21. Qe2 Qc8 22. Ne5 Nc7 23. f3 Qe8 24. Kg2 h6 25. Qd3 Kh7 26. h4 Nd7 27. Bf4 Ne6 28. h5 Nxe5 29. Bxe5 Qf7 30. g4 Be7 31. Kg3 Bf6 32. f4 Bxe5 33. hxg6+ Qxg6 34. Qxg6+ Kxg6 35. dxe5 Kf7 36. f5 Nd4 37. a4 h5 38. b5 hxg4 39. Kxg4 Nb3 40. Nxd5 cxd5 41. c6 bxc6 42. bxc6 Ke8 43. f6 gxf6 44. exf6 Nd4 45. f7+ Kxf7 46. c7 1-0

[Event "Konakovo Rating 7th"]
[Site "Konakovo"]
[Date "2012.07.21"]
[Round "8"]
[White "Dzera, Evgeniy"]
[Black "An, Yuri"]
[Result "1-0"]
[WhiteElo "2160"]
[BlackElo "1984"]
[PlyCount "113"]
[EventDate "2012.07.18"]
[EventType "tourn"]
[EventRounds "13"]
[EventCountry "RUS"]
[SourceTitle "EXT 2014"]
[Source "ChessBase"]
[SourceDate "2013.11.20"]
[SourceVersion "1"]
[SourceVersionDate "2013.11.20"]
[SourceQuality "1"]

1. e4 c6 2. d4 d5 3. Nc3 a6 4. a4 Qa5 5. Bd2 Qd8 6. exd5 cxd5 7. Qf3 Nf6 8. Bg5 e6 9. Bd3 Be7 10. Nge2 Nc6 11. 0-0 Nb4 12. Rfe1 Nxd3 13. Qxd3 Qc7 14. Bf4 Bd6 15. g3 g5 16. Bd2 Bd7 17. Qf3 Be7 18. Nc1 g4 19. Qe2 Qc4 20. Qe3 Bd6 21. Nd3 Qc7 22. f4 0-0-0 23. b4 b6 24. a5 b5 25. Nc5 Bxc5 26. bxc5 Bc6 27. Na2 Ne4 28. Nb4 Kb7 29. Nd3 f5 30. Ne5 Qg7 31. Reb1 Kc7 32. Be1 h5 33. Ra3 Rb8 34. Rab3 Rhd8 35. Qe2 Rb7 36. c3 Rg8 37. Nd3 Qe7 38. Nf2 h4 39. Nxe4 fxe4 40. gxh4 g3 41. Bxg3 Qxh4 42. Qg2 Qg4 43. f5+ Kc8 44. fxe6 Qxe6 45. Rf1 Be8 46. Qe2 Rbg7 47. Rf2 Qh3 48. c4 dxc4 49. Qxe4 cxb3 50. Qa8+ Kd7 51. Qb7+ Kd8 52. Qb6+ Kc8 53. Qxa6+ Kd8 54. Qb6+ Kc8 55. Qb8+ Kd7 56. Qc7+ Ke6 57. Qd6# 1-0

[Event "Konakovo"]
[Site "Konakovo"]
[Date "2012.03.12"]
[Round "11"]
[White "Dzera, Evgeniy"]
[Black "Stoletov, Gennadi"]
[Result "1-0"]
[WhiteElo "2174"]
[BlackElo "2265"]
[PlyCount "55"]
[EventDate "2012.03.02"]
[EventType "tourn"]
[EventRounds "13"]
[EventCountry "RUS"]
[SourceTitle "EXT 2014"]
[Source "ChessBase"]
[SourceDate "2013.11.20"]
[SourceVersion "1"]
[SourceVersionDate "2013.11.20"]
[SourceQuality "1"]

1. c4 Nf6 2. Nf3 e6 3. g3 d5 4. b3 c6 5. Bb2 Nbd7 6. Bg2 Qb6 7. Qc2 Be7 8. 0-0 0-0 9. Nc3 Re8 10. d3 Qa5 11. a3 Qd8 12. e4 Nb6 13. Ne2 c5 14. cxd5 exd5 15. e5 Nfd7 16. d4 c4 17. Nd2 cxb3 18. Qxb3 Nf8 19. f4 g6 20. h3 Be6 21. g4 Nc4 22. Nxc4 dxc4 23. Qf3 Bd7 24. Kh2 Qb6 25. Bc3 Qb3 26. Rfb1 Qc2 27. Rb2 Qd3 28. Qf2 1-0

[Event "Konakovo Rating 6"]
[Site "Konakovo"]
[Date "2011.05.13"]
[Round "11"]
[White "Stoletov, Gennadi"]
[Black "Dzera, Evgeniy"]
[Result "0-1"]
[WhiteElo "2262"]
[BlackElo "2175"]
[PlyCount "116"]
[EventDate "2011.05.03"]
[EventType "tourn"]
[EventRounds "13"]
[EventCountry "RUS"]
[SourceTitle "EXT 2023"]
[Source "ChessBase"]
[SourceDate "2022.10.05"]
[SourceVersion "1"]
[SourceVersionDate "2022.10.05"]
[SourceQuality "1"]

1. g3 d5 2. Bg2 e5 3. c3 Nf6 4. d4 e4 5. Nh3 Be7 6. Na3 0-0 7. 0-0 a6 8. Nc2 c6 9. f3 b5 10. Nf2 exf3 11. exf3 Nbd7 12. Bg5 a5 13. Re1 Re8 14. Nd3 h6 15. Be3 Bd6 16. Bf4 Bxf4 17. Nxf4 Nb6 18. g4 Bd7 19. Nd3 Qc7 20. Qd2 Nc4 21. Qf2 Rxe1+ 22. Rxe1 Re8 23. b3 Nd6 24. Ne5 Nb7 25. Bf1 Be6 26. Be2 Nd6 27. Nd3 Bc8 28. Bf1 Qd8 29. Ne5 Qc7 30. Nd3 Kf8 31. Qg3 Rxe1 32. Qxe1 Nd7 33. Ne3 Qd8 34. Ne5 Nxe5 35. dxe5 Nb7 36. Nc2 Qb6+ 37. Kg2 c5 38. Qd2 Be6 39. Qe2 b4 40. cxb4 axb4 41. f4 d4 42. f5 Bd5+ 43. Kg3 Qc6 44. Qd2 Qc7 45. Qf4 Nd8 46. Bb5 Ba8 47. e6 Qxf4+ 48. Kxf4 fxe6 49. Ne1 Ke7 50. Nd3 Kd6 51. Ne5 Bd5 52. Bd3 Nc6 53. Nf7+ Ke7 54. Ne5 exf5 55. gxf5 Kd6 56. Ng4 Na5 57. Ne5 Nc6 58. Nxc6 Bxc6 0-1

[Event "Konakovo Rating 6"]
[Site "Konakovo"]
[Date "2011.05.08"]
[Round "2"]
[White "Dzera, Evgeniy"]
[Black "Blinov, Sergey"]
[Result "1-0"]
[WhiteElo "2175"]
[BlackElo "1963"]
[PlyCount "35"]
[EventDate "2011.05.03"]
[EventType "tourn"]
[EventRounds "13"]
[EventCountry "RUS"]
[SourceTitle "EXT 2023"]
[Source "ChessBase"]
[SourceDate "2022.10.05"]
[SourceVersion "1"]
[SourceVersionDate "2022.10.05"]
[SourceQuality "1"]

1. e4 e6 2. d4 b6 3. Bd3 Bb7 4. Ne2 f5 5. exf5 Bxg2 6. Rg1 Bf3 7. fxe6 dxe6 8. Rg3 Bh5 9. Be4 c6 10. Qd3 Bxe2 11. Qxe2 Nf6 12. Bf5 Qxd4 13. Qxe6+ Be7 14. Rxg7 Nd5 15. Bh6 Qf6 16. Qc8+ Bd8 17. Bd7+ Nxd7 18. Qxd7+ 1-0

[Event "Konakovo Rating 6"]
[Site "Konakovo"]
[Date "2011.05.08"]
[Round "3"]
[White "Matveev, Aleksandr"]
[Black "Dzera, Evgeniy"]
[Result "1/2-1/2"]
[WhiteElo "2040"]
[BlackElo "2175"]
[PlyCount "120"]
[EventDate "2011.05.03"]
[EventType "tourn"]
[EventRounds "13"]
[EventCountry "RUS"]
[SourceTitle "EXT 2023"]
[Source "ChessBase"]
[SourceDate "2022.10.05"]
[SourceVersion "1"]
[SourceVersionDate "2022.10.05"]
[SourceQuality "1"]

1. c4 e5 2. Nc3 f5 3. d4 e4 4. f3 Nf6 5. Bg5 Bb4 6. Qb3 Bxc3+ 7. Qxc3 h6 8. Bxf6 Qxf6 9. e3 0-0 10. 0-0-0 b6 11. Ne2 Nc6 12. Nf4 Ne7 13. c5 Bb7 14. Bc4+ Kh7 15. fxe4 Bxe4 16. Bd3 d5 17. h4 Rad8 18. Qc2 c6 19. Bxe4 dxe4 20. g4 Nd5 21. g5 Qe7 22. Nxd5 cxd5 23. gxh6 gxh6 24. Kb1 f4 25. exf4 Rc8 26. Qb3 Qe6 27. cxb6 axb6 28. Rhf1 Rc6 29. Qb5 Rc4 30. b3 Rc3 31. Qb4 Rcc8 32. Qd2 Qg4 33. Rc1 Qxh4 34. f5 Qh3 35. Rh1 e3 36. Rxh3 exd2 37. Rd1 Rxf5 38. Rxd2 Kg6 39. Kb2 h5 40. a4 Rf4 41. Re3 Rc6 42. Re5 Rd6 43. Ka3 Rg4 44. Kb4 h4 45. Kb5 Re4 46. Rg2+ Kh6 47. Rxe4 dxe4 48. Rg4 Kh5 49. Rxe4 h3 50. b4 h2 51. Re1 Rxd4 52. Rh1 Rh4 53. a5 bxa5 54. bxa5 Kg4 55. a6 Kg3 56. a7 Rh8 57. Kb6 Kg2 58. Rxh2+ Kxh2 59. Kb7 Rh7+ 60. Ka6 Rb7 1/2-1/2

[Event "Konakovo Chervonny op"]
[Site "Konakovo"]
[Date "2010.09.23"]
[Round "1"]
[White "Blinov, Sergey"]
[Black "Dzera, Evgeniy"]
[Result "0-1"]
[WhiteElo "1980"]
[BlackElo "2182"]
[PlyCount "36"]
[EventDate "2010.09.23"]
[EventType "swiss"]
[EventRounds "7"]
[EventCountry "RUS"]
[SourceTitle "EXT 2022"]
[Source "ChessBase"]
[SourceDate "2021.10.06"]
[SourceVersion "1"]
[SourceVersionDate "2021.10.06"]
[SourceQuality "1"]

1. Nf3 d5 2. g3 Nc6 3. Bg2 e5 4. d3 f5 5. 0-0 Nf6 6. Bg5 Be7 7. Bxf6 Bxf6 8. c3 0-0 9. Nbd2 e4 10. dxe4 dxe4 11. Ne1 Qd6 12. Nb3 Qe7 13. Nd4 Ne5 14. Qb3+ Kh8 15. a4 c5 16. Ndc2 Be6 17. Qb5 Bc4 18. Qa5 b6 0-1